=LDR 00000nam 2200000 4500 =001 INLIS000000000036044 =005 20130612141841 =008 ***********************************Ind** =035 ##$$0010-061300000036044 =041 ##$$a Ind =082 ##$$a 372.832 =090 ##$$a 372.832, Hid k =100 ##$$a Hidayat, Winarno =245 ##$$a Kewarganegaraan, Winarno Hidayat =260 ##$$a 2004 $b Jakarta =300 ##$$a 95 hlm, ilus, 21 cm =650 ##$$a PPKn =850 ##$$a NBPNMAT